| 000 | 00428nam a22001817a 4500 | ||
|---|---|---|---|
| 003 | MPLRDC | ||
| 005 | 20220104124311.0 | ||
| 008 | 210129b ||||| |||| 00| 0 eng d | ||
| 020 | _a7-80088-748-0 | ||
| 082 | _a783.5 KLS | ||
| 100 | _a马拉 | ||
| 245 |
_a胡狼卡洛斯 _c |
||
| 250 | _a一版一刷 | ||
| 260 |
_a _b中国社会出版社 _c1997 |
||
| 300 | _b平 | ||
| 650 | _a伊拉克传记 | ||
| 942 |
_cBK _o783.5 KLS |
||
| 999 |
_c18238 _d18228 |
||